[Event "RUS Cup tt"]
[Site "Sochi"]
[Date "2023.12.03"]
[Round "7.6"]
[White "Chumaevskiy, Arseniy"]
[Black "Gorovets, Andrey"]
[Result "0-1"]
[WhiteElo "2181"]
[BlackElo "2463"]
[PlyCount "54"]
[EventDate "2023.11.27"]
[EventType "team-swiss"]
[EventRounds "7"]
[EventCountry "RUS"]
[SourceTitle "CB49_2023"]
[SourceDate "2023.12.06"]
[SourceVersion "1"]
[SourceVersionDate "2023.12.06"]
[SourceQuality "1"]
[WhiteTeam "Sakha Qkutiya II"]
[BlackTeam "Belarus"]
[WhiteTeamCountry "RUS"]
[BlackTeamCountry "BLR"]

1. d4 d6 2. Nf3 g6 3. e4 Bg7 4. Nc3 a6 5. Bd3 Bg4 6. Be3 Nc6 7. d5 Ne5 8. Be2 Nxf3+ 9. Bxf3 Bxf3 10. Qxf3 c5 11. dxc6 bxc6 12. 0-0 Rb8 13. Rfd1 Rxb2 14. e5 d5 15. Bd4 Rb8 16. Rab1 Nh6 17. Qe2 Nf5 18. Ba7 Rxb1 19. Rxb1 0-0 20. Qxa6 Bxe5 21. Na4 Qd6 22. h3 Qa3 23. Qxc6 Qxa2 24. Re1 Bd4 25. Bxd4 Nxd4 26. Qd7 Qxc2 27. Rxe7 Qd1+ 0-1

[Event "RUS Cup tt"]
[Site "Sochi"]
[Date "2023.12.01"]
[Round "5.10"]
[White "Kholin, Aleksandr1"]
[Black "Chumaevskiy, Arseniy"]
[Result "0-1"]
[WhiteElo "2297"]
[BlackElo "2181"]
[PlyCount "129"]
[EventDate "2023.11.27"]
[EventType "team-swiss"]
[EventRounds "7"]
[EventCountry "RUS"]
[SourceTitle "CB49_2023"]
[SourceDate "2023.12.06"]
[SourceVersion "1"]
[SourceVersionDate "2023.12.06"]
[SourceQuality "1"]
[WhiteTeam "Donetsk"]
[BlackTeam "Sakha Qkutiya II"]
[WhiteTeamCountry "RUS"]
[BlackTeamCountry "RUS"]

1. d4 Nf6 2. Nf3 g6 3. Nbd2 d5 4. b3 Bg7 5. Bb2 0-0 6. e3 Nbd7 7. Be2 c5 8. 0-0 cxd4 9. Bxd4 b6 10. c4 Bb7 11. Qc2 Re8 12. Qb2 e5 13. Bc3 Ne4 14. cxd5 Nxc3 15. Qxc3 Rc8 16. Qb2 Bxd5 17. e4 Bb7 18. Rad1 Re6 19. Qa3 a6 20. Bc4 Bf8 21. b4 Rd6 22. Qb3 Qe7 23. Bd5 Bxd5 24. exd5 Nf6 25. Nc4 Rxd5 26. Rxd5 Nxd5 27. Ncxe5 Nxb4 28. Re1 Nc2 29. Rd1 Bg7 30. Rd7 Nd4 31. Rxd4 Rc1+ 32. Rd1 Rxd1+ 33. Qxd1 Bxe5 34. Qd5 Bf6 35. Qa8+ Qd8 36. Qxa6 Qd1+ 37. Qf1 Qc2 38. a3 Qb2 39. h4 Qxa3 40. h5 Qc5 41. h6 Be7 42. Qd1 Bf8 43. Qd2 Qh5 44. Qd8 b5 45. Qe8 Qc5 46. Kf1 Qc4+ 47. Ke1 Qb4+ 48. Kd1 Qg4 49. Ke1 Qxg2 50. Ne5 Qh1+ 51. Ke2 Qe4+ 52. Kf1 Qb7 53. Nd7 Qh1+ 54. Ke2 Qh5+ 55. f3 Qh2+ 56. Kf1 Qh1+ 57. Kf2 Qh2+ 58. Kf1 Qd6 59. Ne5 Qe7 60. Qxb5 Bxh6 61. Qb8+ Kg7 62. Ng4 Bg5 63. Qb2+ Bf6 64. Qd2 h5 65. Qd1 0-1

[Event "RUS Cup tt"]
[Site "Sochi"]
[Date "2023.11.29"]
[Round "3.14"]
[White "Gedgafov, Chamal"]
[Black "Chumaevskiy, Arseniy"]
[Result "0-1"]
[WhiteElo "2074"]
[BlackElo "2181"]
[PlyCount "89"]
[EventDate "2023.11.27"]
[EventType "team-swiss"]
[EventRounds "7"]
[EventCountry "RUS"]
[SourceTitle "CB49_2023"]
[SourceDate "2023.12.06"]
[SourceVersion "1"]
[SourceVersionDate "2023.12.06"]
[SourceQuality "1"]
[WhiteTeam "Sport lits s Poda"]
[BlackTeam "Sakha Qkutiya II"]
[WhiteTeamCountry "RUS"]
[BlackTeamCountry "RUS"]

1. c4 Nf6 2. Nc3 g6 3. g3 Bg7 4. Bg2 0-0 5. e3 c5 6. Nge2 d6 7. 0-0 Nc6 8. a3 Rb8 9. Rb1 Bd7 10. b4 cxb4 11. axb4 a6 12. b5 axb5 13. Nxb5 Qc8 14. d3 Bh3 15. Bb2 Bxg2 16. Kxg2 Rd8 17. e4 e6 18. Nf4 Ne8 19. Qd2 Nc7 20. Bxg7 Kxg7 21. Rfc1 Qd7 22. h4 h5 23. Nxc7 Qxc7 24. Rb5 e5 25. Nd5 Qd7 26. f4 f5 27. Rf1 Rf8 28. fxe5 Nxe5 29. exf5 Rxf5 30. Nf4 Rbf8 31. Qe2 R8f7 32. Qe4 Kh7 33. Rfb1 Rxf4 34. Qxf4 Rxf4 35. Rxb7 Rf7 36. Rxd7 Rxd7 37. Kf2 Nxd3+ 38. Ke3 Ne5 39. Kd4 Rc7 40. Kd5 Nxc4 41. Re1 Rc5+ 42. Kd4 Re5 43. Ra1 Ne3 44. Ra7+ Kh6 45. Rd7 0-1

[Event "Yakutsk Sakha Cup"]
[Site "Yakutsk"]
[Date "2023.01.29"]
[Round "6"]
[White "Egorov, Daniil"]
[Black "Chumaevskiy, Arseniy"]
[Result "1/2-1/2"]
[WhiteElo "2116"]
[BlackElo "1901"]
[PlyCount "109"]
[EventDate "2023.01.24"]
[EventType "swiss"]
[EventRounds "9"]
[EventCountry "RUS"]
[SourceTitle "CBM 212 Extra"]
[Source "ChessBase"]
[SourceDate "2023.03.31"]
[SourceVersion "1"]
[SourceVersionDate "2023.03.31"]
[SourceQuality "1"]

1. e4 c5 2. Nf3 e6 3. c3 d5 4. exd5 Qxd5 5. d4 Nf6 6. Be2 Nc6 7. 0-0 Be7 8. c4 Qd7 9. dxc5 Qxd1 10. Rxd1 Ne4 11. Be3 e5 12. Nfd2 Nxc5 13. Nc3 Ne6 14. Nd5 f5 15. Nb3 0-0 16. Nxe7+ Nxe7 17. c5 Kf7 18. Bc4 Kf6 19. Rd6 f4 20. Bxf4 exf4 21. Bxe6 Bxe6 22. Re1 Nf5 23. Rdxe6+ Kg5 24. Nd2 g6 25. Nf3+ Kh6 26. R1e4 Rac8 27. b4 Ng7 28. Re7 b6 29. Rc4 bxc5 30. bxc5 Rf5 31. c6 Ra5 32. a4 Nf5 33. Rd7 Ra6 34. c7 Rd6 35. Ne5 Rxd7 36. Nxd7 Nd6 37. Rc3 Ne8 38. Nc5 Kg5 39. Na6 Kf5 40. Kf1 g5 41. Rd3 Ke6 42. Ke2 Nxc7 43. Rc3 Kd7 44. Nc5+ Ke7 45. Ne4 Kd7 46. Nf6+ Kd6 47. Kf3 h6 48. Ne4+ Ke5 49. h3 Kd4 50. Rc6 Rb8 51. Rxc7 Rb3+ 52. Kg4 Kxe4 53. Re7+ Kd5 54. g3 fxg3 55. fxg3 1/2-1/2

[Event "RUS-chT U14 final"]
[Site "Sochi"]
[Date "2019.05.05"]
[Round "5.1"]
[White "Chumaevskiy, Arseniy"]
[Black "Meydi, Igor"]
[Result "1-0"]
[WhiteElo "2010"]
[BlackElo "1668"]
[PlyCount "113"]
[EventDate "2019.05.01"]
[EventType "team-tourn"]
[EventRounds "9"]
[EventCountry "RUS"]
[SourceTitle "CBM 190 Extra"]
[Source "ChessBase"]
[SourceDate "2019.07.15"]
[SourceVersion "1"]
[SourceVersionDate "2019.07.15"]
[SourceQuality "1"]

1. e4 e5 2. Nf3 Nf6 3. Nxe5 d6 4. Nf3 Nxe4 5. c4 Bf5 6. d3 Nf6 7. d4 Be7 8. Nc3 0-0 9. Bd3 Bxd3 10. Qxd3 d5 11. b3 c6 12. 0-0 Na6 13. c5 Nc7 14. Bg5 Ne6 15. Rfe1 Qc7 16. b4 b6 17. Rab1 Nh5 18. cxb6 axb6 19. Bxe7 Qxe7 20. b5 Qd6 21. bxc6 Qxc6 22. Ne5 Qb7 23. Rb5 Ra5 24. Rb3 Nf6 25. Qe3 Re8 26. f4 Nc7 27. Qd3 Ne4 28. Reb1 Na8 29. a4 f6 30. Ng4 Qd7 31. Ne3 Nxc3 32. Qxc3 Rxa4 33. Rb5 Qc7 34. Qb3 Rxd4 35. Rxd5 Rxd5 36. Nxd5 Qc5+ 37. Kh1 Kh8 38. h3 Qf2 39. Qa4 Rd8 40. Qc6 Qa2 41. Re1 h6 42. Nxf6 Qf7 43. Re8+ Rxe8 44. Nxe8 Qa7 45. Qc8 Qa1+ 46. Kh2 Kh7 47. Qb7 b5 48. Qxb5 Qd4 49. Qf5+ Kh8 50. Qf8+ Kh7 51. Nxg7 Nc7 52. Nh5 Nd5 53. Qf7+ Kh8 54. Qe8+ Kh7 55. Qd7+ Kh8 56. Qd8+ Kh7 57. Qxd5 1-0